Ψηλά τις καρδιές : μια οικογένεια στην Ανατολική Γερμανία

Αποθηκεύτηκε σε:
Λεπτομέρειες βιβλιογραφικής εγγραφής
Κύριος συγγραφέας: Leo, Maxim, 1970-
Μορφή: Βιβλίο
Γλώσσα:Greek
German
Δημοσίευση: Αθήνα : Δώμα, c2019.
Θέματα:
Ετικέτες: Προσθήκη ετικέτας
Δεν υπάρχουν, Καταχωρήστε ετικέτα πρώτοι!

MARC

LEADER 00000cam a2200000 a 4500
001 1/122190
008 201001s2019####gr | ||| |||| ||gre||
020 |a 9786188445918 
040 |a GR-MyUa  |b gre  |c GR-MyUa  |e AACR2 
041 1 |a gre  |h ger 
082 7 |a 920   |2 (23) 
100 1 |a Leo, Maxim,   |d 1970- 
245 1 0 |a Ψηλά τις καρδιές :   |b μια οικογένεια στην Ανατολική Γερμανία /   |c Μαξίμ Λέο ; μετάφραση: Γιώτα Λαγουδάκου. 
260 |a Αθήνα :   |b Δώμα,   |c c2019. 
300 |a 332 σ. ;   |c 20 εκ. 
500 |a Τίτλος πρωτοτύπου: Haltet euer Herz bereit : Eine ostdeutsche Familiengeschichte. 
600 1 0 |a Leo, Maxim,   |d 1970-  |x Family. 
651 0 |a Germany (East)  |x Social conditions. 
852 |a INST  |b SYROS  |e 20201001  |h 920 LEO  |p 005500014781  |q 005500014781  |t BK  |y 0 
920 |a Τυροβολάς  |b Ιωάννης  |y Σύρος  |z 2020-09 
970 |a Κοντού  |b Παρασκευή  |z 01/10/2020